LEADER 01562nam a2200337 a 4500 001 000000176562 003 CaOOAMICUS 005 20240201142543.0 008 240201s2023 it frm z000 u ita r 020 $a979-12-5986-018-7* 032 $aLibriCat 040 $aPUL$bita 100 1 $aSeu, Mattia ,$csac.,$d1984-$0(OLS)http://pul/name/113488 245 13$aIl Targum Jonathan di 1 e 2 Samuele :$bla natura della sua traduzione e la sua teologia /$cMattia Seu. 260 $aRoma :$bGregorian & Biblical Press,$c2023. 300 $a504 p.; $b$c24 cm 490 1 $aAnalecta biblica ;$v239 500 $aContiene passi in ebraico con traduzione in italiano. 502 $aTesi di Dottorato in Teologia Biblica-- Pontificio Istituto Biblico, 2022. 504 $aBibliografia p.: [467]-495. 630 04$aTargum.$0(OLS)http://pul/subject/23333 630 04$aBiblia.$pV.T.$pSamuel.$xCritica, interpretazione, ecc.$0(OLS)http://pul/subject/27716 710 2 $aPontificio istituto biblico.$kTesi.$0(OLS)http://pul/name/85533 830 0$aAnalecta biblica ;$v239.$0(OLS)http://pul/title/100 850 $aPUL 852 $aPUL$W1$xDP1 Tesi Pon. Ist. Biblico$y33$m2023 B 3$j200176$qTesi$B205511$CPULBib$Z2$F205511 $82 941 1 $a16 996 $6020$a979-12-5986-018-7*$9(OLS)http://pul/number/169522 996 $6245$aIl Targum Jonathan di 1 e 2 Samuele :$bla natura della sua traduzione e la sua teologia$9(OLS)http://pul/title/218055 996 $6260$aRoma :$bGregorian & Biblical Press$9(OLS)http://pul/publisher/81048 LEADER 01828nam a2200397 a 4500 001 000000170007 003 CaOOAMICUS 005 20181017113301.0 008 181017s2004 it a u000 u ita r 032 $aLibriCat 040 $aPUL$bita 041 1 $aita$hlat 082 04$a230 100 1 $aErasmus, Desiderius,$d1467-1536.$0(OLS)http://pul/name/1784 240 10$aElkomion morias seu laus stultitiae.$lItaliano.$0(OLS)http://pul/title/73116 245 10$aElogio della follia /$cErasmo da Rotterdam ; corrispondenza: Dorp, Erasmo, Moro ; introduzione e note di Stefano Cavallotto ; traduzione della Comunità di San Leolino ; revisione del curatore. 260 $aMilano :$bPaoline,$c©2004. 300 $a472 p. :$bill. ;$c20 cm. 490 1 $aLetture cristiane del secondo millennio ;$v35 504 $aBibliografia in nota. 700 0 $aThomas More,$cs.,$d1478-1535.$0(OLS)http://pul/name/14327 700 1 $aCavallotto, Stefano.$0(OLS)http://pul/name/62495 700 1 $aDorpius, Martinus,$b1485-1525.$0(OLS)http://pul/name/109402 710 2 $aComunità di San Leolino.$0(OLS)http://pul/name/74732 830 0$aLetture cristiane del secondo millennio ;$v35.$0(OLS)http://pul/title/56023 850 $aPUL 852 $aPUL$W1$xSL Religione 3$y85$m230 ERARO 1$j192923$qDDC 21$B198193$CPULBib$Z2$F198193 $H131408 $81 900 $aErasmo,$cda Rotterdam,$d1467-1536$91784 900 $aMore, Thomas,$cSir, Saint$d1478-1535$914327 900 $aTommaso Moro,$cs.,$d1478-1535$914327 900 $aMoro, Tommaso,$cs.,$d1478-1535$914327 941 1 $a9 996 $6082$a230$9(OLS)http://pul/classification/368 996 $6245$aElogio della follia$9(OLS)http://pul/title/156157 996 $6260$aMilano :$bPaoline$9(OLS)http://pul/publisher/60808